书目信息 |
| 题名: |
高尔夫球运动手册
|
|
| 作者: | 袁运平 , 凌奕 编著 | |
| 分册: | ||
| 出版信息: | 北京 人民体育出版社 2001 |
|
| 页数: | 287页 | |
| 开本: | 19cm | |
| 丛书名: | ||
| 单 册: | ||
| 中图分类: | G849.3 | |
| 科图分类: | ||
| 主题词: | 高尔夫球运动--基本知识 | |
| 电子资源: | ||
| ISBN: | 7-5009-2151-9 | |
| 000 | 00613nam0 2200205 45 | |
| 001 | 0311140483 | |
| 005 | 20031219104121.6 | |
| 010 | @a7-5009-2151-9@dCNY15.00 | |
| 100 | @a20031114d2001 km y0chiy0120 ea | |
| 101 | 0 | @achi |
| 105 | @a z 000yy | |
| 200 | 1 | @a高尔夫球运动手册@AGao Er Fu Qiu Yun Dong Shou Ce@f袁运平,凌奕编著@FYuan Yun Ping,Ling Yi Bian Zhu |
| 210 | @a北京@c人民体育出版社@d2001 | |
| 215 | @a287页@d19cm | |
| 606 | 0 | @a高尔夫球运动@x基本知识 |
| 690 | @aG849.3@v4 | |
| 701 | 0 | @a袁运平@4编著 |
| 701 | 0 | @a凌奕@4编著 |
| 801 | @aCN@bTSTC@c20031114 | |
| 905 | @a213230@b328356-357@dG849.3@e135@f2 | |
| 高尔夫球运动手册/袁运平,凌奕编著.-北京:人民体育出版社,2001 |
| 287页;19cm |
| ISBN 7-5009-2151-9:CNY15.00 |
| ● |
| 相关链接 |
|
|
|
|
正题名:高尔夫球运动手册
索取号:G849.3/135
 
预约/预借
| 序号 | 登录号 | 条形码 | 馆藏地/架位号 | 状态 | 备注 |
| 1 | 0328356 | 203283561 | 第四借阅区/ [索取号:G849.3/135] | 在馆 | |
| 2 | 0328357 | 203283570 | 第一样本阅览室/ [索取号:G849.3/135] | 在馆 |